Statistics for Recess disney trivia

Click here to take the quiz!

General Stats

  • This quiz has been taken 63 times
  • The average score is 6 of 10

Answer Stats

QuestionsAnswer% Correct
Spinelli's first name is...?Ashley
92%
Who held the tittle of the "Prankster Prince" before T.J?King Bob
73%
What's the school's name ?The third street school
71%
Who is The "El Diablo"?Gus
69%
Which class are the main characters are ( in most of the seasons)?4th grade
65%
The Ashelys have brothers.What are there names?Tyler
48%
What's T.J's middle name?Jasper
44%
Recess was created by....?Paul and Joe
38%
Who's Miss Finster's ex boyfriend? (He is also an anti recess/vacation guy)Dr. Phillium Benedict
29%
What's Lawson's first name?Erwin
29%

Score Distribution

Percentile by Number Answered

Percent of People with Each Score

Your Score History

You have not taken this quiz